| 000 | 01283nam a22003617a 4500 | ||
|---|---|---|---|
| 003 | CHAP | ||
| 005 | 20220329134451.0 | ||
| 008 | 971013s1994 r 00010 d | ||
| 010 | _a20815 | ||
| 011 | _a21787 | ||
| 035 | _a25878 | ||
| 040 | _cCHAP | ||
| 090 | _aTesis | ||
| 100 | 0 | 0 |
_aTello García, Enriqueta. _9112101 |
| 245 | _aAjuste osmótico y distribución de materia seca en plantas de amaranto Amaranthus hypochondriacus L. bajo condiciones de estrés hídrico | ||
| 260 |
_aChapingo, Méx. : _bEl autor, _c1994 |
||
| 300 | _a117 h. | ||
| 502 | _aTesis (Ing. Agr. Esp. en Zonas Aridas)-- UACH. Departamento de Zonas Aridas | ||
| 590 |
_aALEPH _b10 _c20130110 _lUCH01 _h1244 |
||
| 590 |
_aBATCH-UPD _b10 _c20130110 _lUCH01 _h1440 |
||
| 590 |
_aBATCH-UPD _b10 _c20130410 _lUCH01 _h0912 |
||
| 590 |
_aBATCH-UPD _b10 _c20130914 _lUCH01 _h0303 |
||
| 590 |
_aCONVERSION _b10 _c20130109 _lUCH01 _h1312 |
||
| 650 | 1 | 4 |
_aAmaranto _xAgua requerida. _95110 |
| 650 | 1 | 4 |
_aAmaranto _xMateria seca. _95133 |
| 650 | 1 | 4 |
_aMateria seca _xDeterminación. _972934 |
| 650 | 1 | 4 |
_aOsmosis. _984198 |
| 650 | 1 | 4 |
_aPlantas _xResistencia a sequía. _988886 |
| 901 | _aBK | ||
| 942 | _cFOLL | ||
| 949 |
_bBC _cTES _d-59837 _eTS1 _h27143 _i25878 _si |
||
| 949 |
_bBC _cTES _d-59838 _eTS2 _fc.2 _h27144 _i25878 _si |
||
| 999 |
_c20815 _d20815 |
||